Lễ hội Hằng Nga
Nội dung sách giới thiệu khái quát về Lễ hội Hằng Nga - Một sinh hoạt văn hóa cổ truyền lành mạnh dân tộc Tày và các bản dịch tác phẩm, bản phiên âm và nguyên bản chữ Nôm Tày.
Đã lưu trong:
| Formáid: | Leabhar |
|---|---|
| Teanga: | Undetermined |
| Foilsithe: |
Hà Nội
Dân Trí
2010
|
| Ábhair: | |
| Clibeanna: |
Cuir Clib Leis
Gan Chlibeanna, Bí ar an gcéad duine leis an taifead seo a chlibeáil!
|
| Thư viện lưu trữ: | Trung tâm Học liệu Trường Đại học Cần Thơ |
|---|
| LEADER | 00813nam a2200181Ia 4500 | ||
|---|---|---|---|
| 001 | CTU_164036 | ||
| 008 | 210402s9999 xx 000 0 und d | ||
| 082 | |a 398.8597 | ||
| 082 | |b L250 | ||
| 245 | 0 | |a Lễ hội Hằng Nga | |
| 245 | 0 | |c Triều Ân ( sưu tầm, biên dịch, giới thiệu ) | |
| 260 | |a Hà Nội | ||
| 260 | |b Dân Trí | ||
| 260 | |c 2010 | ||
| 520 | |a Nội dung sách giới thiệu khái quát về Lễ hội Hằng Nga - Một sinh hoạt văn hóa cổ truyền lành mạnh dân tộc Tày và các bản dịch tác phẩm, bản phiên âm và nguyên bản chữ Nôm Tày. | ||
| 650 | |a Folk-song, Vietnamese,Ca dao Việt Nam | ||
| 904 | |i HPTVi,Qhieu | ||
| 980 | |a Trung tâm Học liệu Trường Đại học Cần Thơ | ||